000 00733nam a2200289Ia 4500
005 20260324120911.0
008 008 260324s9999 xx 000 0 eng d
020 _a9780203078891
037 _aEBOOK
040 _aCRL
040 _beng
040 _cCRL
041 _2eng
041 _aeng
084 _qCRL
100 _aPeter Shoenberg; Jessica Yakeley
_91160403
245 0 _aLearning about Emotions in Illness
245 0 _bIntegrating psychotherapeutic teaching into medical education
260 _bTaylor and Francis
260 _c2014
365 _a
365 _b220
856 _uhttp://www.taylorfrancis.com/books/9780203078891
942 _cEBOOK
999 _c1752184
_d1752184